00618nam a22002057a 45000010005000000030004000050050017000090080041000260200019000670400018000860500014001042450087001182500023002052600045002285000022002735040029002956500027003247000029003517000032003803247HMS20260310104547.0260310b cl ||||| |||| 00| 0 spa d a9789561434936  ahmsbspachms04aWS39 M29400aManual de Pediatría /cEditoras Cacilia Perret P., Carolina Pérez V. h[libro] aTercera edición  aSantiago de Chile :bEdiciones UC,c2025 aIncluye índice  aIncluye bibliografías  7aPediatría xManuales aPerret O., Cecilia eed. aPérez V., Carolina eed.